Sports Quiz

Random Sports or NBA Quiz

NBA Top 50 Trade Value 2012 (Opinion Quiz) Stats

 Plays Quiz not verified by Sporcle

Challenge
Share
Tweet
Embed
Score 0/50 Timer 05:00
0 Plays Today
Team Player % Correct
Miami HeatLeBron James
99.1%
Oklahoma City ThunderKevin Durant
98%
Los Angeles ClippersChris Paul
97.7%
Los Angeles LakersKobe Bryant
97%
New York KnicksCarmelo Anthony
95%
Miami HeatDwyane Wade
94.8%
Chicago BullsDerrick Rose
94.7%
Oklahoma City ThunderRussell Westbrook
93.9%
Minnesota TimberwolvesKevin Love
89.2%
Miami HeatChris Bosh
88.8%
Los Angeles ClippersBlake Griffin
88.6%
Cleveland CavaliersKyrie Irving
88.1%
Boston CelticsRajon Rondo
88.1%
Washington WizardsJohn Wall
87.8%
Brooklyn NetsDeron Williams
87.7%
Los Angeles LakersDwight Howard
87.3%
Memphis GrizzliesMarc Gasol
86.7%
Oklahoma City ThunderJames Harden
84.8%
Boston CelticsPaul Pierce
84.7%
Sacramento KingsDeMarcus Cousins
83.8%
Boston CelticsKevin Garnett
83.6%
Portland Trail BlazersLaMarcus Aldridge
83.4%
Brooklyn NetsBrook Lopez
83.3%
Golden State WarriorsStephen Curry
83%
San Antonio SpursTony Parker
82.3%
Team Player % Correct
Atlanta HawksJosh Smith
76.7%
Atlanta HawksAl Horford
75.5%
Philadelphia 76ersAndrew Bynum
74.4%
Milwaukee BucksMonta Ellis
73.6%
Dallas MavericksDirk Nowitzki
72.8%
Memphis GrizzliesRudy Gay
72.2%
Memphis GrizzliesZach Randolph
71.7%
Indiana PacersDanny Granger
71.1%
Utah JazzPaul Millsap
70.9%
Minnesota TimberwolvesRicky Rubio
69.8%
Utah JazzAl Jefferson
69.4%
Sacramento KingsTyreke Evans
68.4%
Indiana PacersRoy Hibbert
67.7%
New Orleans HornetsEric Gordon
65.5%
Milwaukee BucksBrandon Jennings
63.6%
Denver NuggetsAndre Iguodala
63.3%
Detroit PistonsGreg Monroe
62.8%
Golden State WarriorsDavid Lee
62.8%
New York KnicksTyson Chandler
62.2%
Golden State WarriorsAndrew Bogut
61.6%
Houston RocketsJeremy Lin
58.6%
Toronto RaptorsKyle Lowry
53.3%
Toronto RaptorsAndrea Bargnani
52.5%
Phoenix SunsMarcin Gortat
47.7%
Utah JazzDerrick Favors
39.4%

You're not logged in!

Compare scores with friends on all Sporcle quizzes.
Join for Free
OR
Log In

You Might Also Like...

Show Comments

Extras

Top Quizzes Today


Score Distribution

Your Account Isn't Verified!

In order to create a playlist on Sporcle, you need to verify the email address you used during registration. Go to your Sporcle Settings to finish the process.

Report this User

Report this user for behavior that violates our Community Guidelines.

Details: